Bytový dom

Gespeichert in:
Bibliographische Detailangaben
1. Verfasser: Bábanová, Miriam (Verfasst von)
Weitere Verfasser: Minarovičová, Katarína (Betreuung Doktorarbeit)
Format: Manuskript Buch
Sprache:Slowakisch
Veröffentlicht: 2025
Schlagworte:
Online-Zugang:http://is.stuba.sk/zp/portal_zp.pl?podrobnosti=179296
CRZP
Tags: Tag hinzufügen
Keine Tags, Fügen Sie das erste Tag hinzu!

MARC

LEADER 00000ntm a22000003a 4500
001 stuzp104551
003 SK-STU
005 20250728143700.3
007 ta
008 150427s2015----xo-----f-mn---000-0-slo-d
040 |a STU  |b slo 
041 0 |a slo 
100 1 |a Bábanová, Miriam  |u 010180  |4 aut  |U SvF Stavebná fakulta  |T SvF Katedra konštrukcií pozemných stavieb  |X 122984  |U V180  |Y 18  |7 122984 
242 0 1 |a Residential building  |y eng 
245 1 0 |a Bytový dom 
260 |c 2025 
650 4 |a bytový dom  |2 slo 
650 4 |a polyfunkcia  |2 slo 
650 4 |a rezidenčný objekt  |2 slo 
650 4 |a železobetón  |2 slo 
650 4 |a novostavba  |2 slo 
650 4 |a new construction  |2 eng 
650 4 |a residential building  |2 eng 
650 4 |a apartment building  |2 eng 
650 4 |a reinforced concrete  |2 eng 
650 4 |a multifunctionality  |2 eng 
700 1 |a Minarovičová, Katarína  |u 010180  |k Z1  |4 ths  |U SvF Stavebná fakulta  |T SvF Katedra konštrukcií pozemných stavieb  |X 773  |U V180  |Y 18  |7 A000000773 
856 4 |u http://is.stuba.sk/zp/portal_zp.pl?podrobnosti=179296 
856 4 |u https://opac.crzp.sk/?fn=detailBiblioForm&sid=C9A1C75A261DD259FC87431E26A3  |z CRZP